Prepare an Integrated Business Plan of an Individual Who Seeks a Loan from a Bank to Finance the Creation of a Shipping Company (Record no. 8515)
[ view plain ]
| 000 -LEADER | |
|---|---|
| fixed length control field | 01251cam a22001934a 4500 |
| 005 - ΗΜΕΡΟΜΗΝΙΑ ΚΑΙ ΩΡΑ ΤΕΛΕΥΤΑΙΑΣ ΕΝΗΜΕΡΩΣΗΣ | |
| Πεδίο ελέγχου | 20250605164338.0 |
| 008 - FIXED-LENGTH DATA ELEMENTS--GENERAL INFORMATION | |
| Πεδίο ελέγχου σταθερού μήκους | 250528s ||||||||||||||||||||||||d |
| 035 ## - SYSTEM CONTROL NUMBER | |
| System control number | 23510 |
| 040 ## - ΠΗΓΗ ΚΑΤΑΛΟΓΟΓΡΑΦΗΣΗΣ | |
| Φορέας πρωτότυπης καταλογογράφησης | MC Athens Campus Library |
| Γλώσσα καταλογογράφησης | Ελληνικά, Μοντέρνα (1453-) |
| Modifying agency | MC Athens Campus Library |
| Κανόνες περιγραφικής καταλογογράφησης | AACR2 |
| 245 1# - ΤΙΤΛΟΣ ΚΑΙ ΔΗΛΩΣΗ ΥΠΕΥΘΥΝΟΤΗΤΑΣ | |
| Τίτλος | Prepare an Integrated Business Plan of an Individual Who Seeks a Loan from a Bank to Finance the Creation of a Shipping Company |
| 260 ## - PUBLICATION, DISTRIBUTION, ETC. | |
| Date of publication, distribution, etc. | 2014 |
| 300 ## - PHYSICAL DESCRIPTION | |
| Extent | 47 |
| 520 ## - SUMMARY, ETC. | |
| Summary, etc. | Introduction, Dry - Cargo Trades, Demand - Supply on Dry Bulk, Emerging Trends Affecting International Shipping, Worldwide Shipbuilding Cycle, Freight Rates, Business Plan, Market, Segmentation, Place, Competition, The Company, Business Organization, Business License and Management, Shipbrokers, Vessel's Characteristics, Objectives Visions and Values for the Company, Social Responsibility, SWOT Analysis, Financial Plan, the Resume of the Project, Financial Analysis of the Project, Income Statement and Balance Sheet, Free Operating Cash Flow, Net Cash Flow, Financial Evaluation of the Project, Net Present Value (NPV), Payback Period, Internal Rate of Return (IRR), Conclusions, References. |
| 700 1# - ΠΡΟΣΘΕΤΗ ΑΝΑΓΡΑΦΗ--ΦΥΣΙΚΟ ΠΡΟΣΩΠΟ | |
| Personal name | Papoulakos Dimitrios |
| 9 (RLIN) | 9082 |
| 700 1# - ΠΡΟΣΘΕΤΗ ΑΝΑΓΡΑΦΗ--ΦΥΣΙΚΟ ΠΡΟΣΩΠΟ | |
| Personal name | Vardalos Michael |
| 9 (RLIN) | 9083 |
| 942 ## - ADDED ENTRY ELEMENTS (KOHA) | |
| Koha item type | Διπλωματική εργασία |
| Τύπος τεκμηρίου | Βιβλιοθήκη | Τρέχουσα τοποθεσία | Barcode | Ημερομηνία απόκτησης | Ταξιθετικό σύμβολο | Αριθμός αντιτύπου | Κατάσταση απόσυρσης | Κατάσταση χαμένου | Κατάσταση κατεστραμμένου | Μη δανεισμός | Σύνολο δανεισμών | Ημερομηνία τελευταίας εμφάνισης | Η τιμή ισχύει από |
|---|---|---|---|---|---|---|---|---|---|---|---|---|---|
| Διπλωματική εργασία | MC Athens Campus Library | MC Athens Campus Library | 9780000085146 | 05/06/2025 | BUS 2014 (1) | 1 | 05/06/2025 | 05/06/2025 |